Countries to Capitals #3 - Statistics

General Stats
  • This quiz has been taken 13 times
  • The average score is 11 of 15
Answer Stats
Hint Answer % Correct
Athens Greece
100%
New Delhi India
100%
Cairo Egypt
92%
Nairobi Kenya
83%
San Marino San Marino
83%
Sao Tome Sao Tome and Principe
83%
Kinshasa Democratic Republic of the Congo
75%
Yerevan Armenia
67%
Chisinau Moldova
67%
Port Moresby Papua New Guinea
67%
Khartoum Sudan
67%
Caracas Venezuela
67%
Porto Novo Benin
42%
Bangui Central African Republic
33%
Port Louis Mauritius
33%
No matching quizzes found
Score Distribution
Percent of People with Each Score
Percentile by Number Answered
Your Score History
You have not taken this quiz